Normal view
MARC view
- Sakuntala Giri
Entry Personal Name
001 - CONTROL NUMBER
- control field: 209048
003 - CONTROL NUMBER IDENTIFIER
- control field: OSt
005 - DATE AND TIME OF LATEST TRANSACTION
- control field: 20241111121717.0
008 - FIXED-LENGTH DATA ELEMENTS
- fixed length control field: 241111|| aca||aabn | a|a d
040 ## - CATALOGING SOURCE
- Original cataloging agency: OSt
- Transcribing agency: OSt
100 ## - HEADING--PERSONAL NAME
- Personal name: Sakuntala Giri
670 ## - SOURCE DATA FOUND
- Source citation: Work cat.: (OSt)362153: Sakuntala Giri , APPLIED PSYCHOLOGY FOR BSC NURSING STUDENTS I SEMISTER, 2024